Mathematics across cultures : the history of non-western mathematics
Αποθηκεύτηκε σε:
| Άλλοι συγγραφείς: | , |
|---|---|
| Μορφή: | Βιβλίο |
| Γλώσσα: | English |
| Δημοσίευση: |
Dodreecht :
Kluwer Academic Publishers,
c2000.
|
| Σειρά: | Science across cultures ;
; 2 |
| Θέματα: | |
| Ετικέτες: |
Προσθήκη ετικέτας
Δεν υπάρχουν, Καταχωρήστε ετικέτα πρώτοι!
|
MARC
| LEADER | 00000nam a2200000 i 4500 | ||
|---|---|---|---|
| 001 | 1/72778 | ||
| 008 | 050307t2000 ne ||| eng|| | ||
| 020 | |a 0792364813 | ||
| 035 | |l 10076915 | ||
| 040 | |a GR-MY-UA |b gre |e aacr | ||
| 041 | 0 | |a eng | |
| 082 | 0 | |a 510.9 |2 (21) | |
| 245 | 1 | 0 | |a Mathematics across cultures : |b the history of non-western mathematics / |c editor Helaine Selin, advisory editor Ubiratan D'Ambrosio. |
| 260 | |a Dodreecht : |b Kluwer Academic Publishers, |c c2000. | ||
| 300 | |a xx, 479 σ. : |b εικ. ; |c 25 εκ. | ||
| 490 | 1 | |a (Science across culrures ; |v 2) | |
| 504 | |a Περιέχει βιβλιογραφικές αναφορές και ευρετήριο. | ||
| 650 | 0 | 0 | |a Mathematics |x History. |
| 650 | 0 | 0 | |a Ethnomathematics. |
| 650 | 0 | 0 | |a Mathematics, Ancient. |
| 700 | 1 | |a Selin, Helaine |d 1946- |e edt | |
| 700 | 1 | |a D'Ambrosio, Ubiratan, |e edt | |
| 830 | 0 | |a Science across cultures ; |v ; 2 | |
| 852 | |a INST |b LESVOS |e 20050307 |h 510.9 MAT |p 005100030704 |q 005100030704 |t BK |y 0 | ||
| 852 | |a INST |b SAMOS |e 20160914 |h 510.9 MAT |p 005300043795 |q 005300043795 |t BK |y 0 | ||
| 901 | |a BIBL1-2005-1 | ||
| 909 | |a Λ |b 114915 | ||
| 920 | |a ΔΙΕΥΡΥΝΣΗ |b ΕΠΕΑΕΚ/ΠΤΕ |y ΛΕΣΒΟΣ |z 2004-10 | ||
| 922 | |a 3ΕΛΗ |b 201607 |c Τμήμα Μαθηματικών |d Δρές | ||
| 970 | |a ΜΑΡΙΝΑΤΟΥ |b ΜΥΡΣΙΝΗ |z 2005/03/07 | ||